Microbiology: An Introduction (Record no. 15981)
[ view plain ]
| 000 -LEADER | |
|---|---|
| fixed length control field | 00433nam a22001577a 4500 |
| 008 - FIXED-LENGTH DATA ELEMENTS--GENERAL INFORMATION | |
| fixed length control field | 220117b2020 xxu||||| |||| 00| 0 eng d |
| 020 ## - INTERNATIONAL STANDARD BOOK NUMBER | |
| ISBN | 9789673498307 |
| 082 ## - DEWEY DECIMAL CLASSIFICATION NUMBER | |
| Classification number | 579 Tortora 33979 12th 2020 Microbiology |
| 100 ## - MAIN ENTRY--AUTHOR NAME | |
| Personal name | J. Tortora Gerard |
| 245 ## - TITLE STATEMENT | |
| Title | Microbiology: An Introduction |
| 250 ## - EDITION STATEMENT | |
| Edition statement | 12th ed. |
| 260 ## - PUBLICATION, DISTRIBUTION, ETC. (IMPRINT) | |
| Place of publication | Malaysia: |
| Name of publisher | Pearson; |
| Year of publication | 2020. |
| 300 ## - PHYSICAL DESCRIPTION | |
| Number of Pages | 955 p.; |
| 650 ## - SUBJECT ADDED ENTRY--TOPICAL TERM | |
| Topical Term | Microbiology |
| 942 ## - ADDED ENTRY ELEMENTS (KOHA) | |
| Koha item type | Books |
| Collection code | Permanent Location | Current Location | Shelving location | Date acquired | Full call number | Accession Number | Koha item type |
|---|---|---|---|---|---|---|---|
| Veterinary Science | UVAS Library | UVAS Library | Microbiology | 2022-01-17 | 579 Tortora 33979 12th 2020 Microbiology | 33979 | Books |
| Veterinary Science | UVAS Library | UVAS Library | Microbiology | 2022-01-17 | 579 Tortora 33980 12th 2020 Microbiology | 33980 | Books |
| Veterinary Science | UVAS Library | UVAS Library | Microbiology | 2022-01-17 | 579 Tortora 33978 12th 2020 Microbiology | 33978 | Books |
| Veterinary Science | UVAS Library | UVAS Library | Microbiology | 2022-01-17 | 579 Tortora 33639 12th 2020 Microbiology | 33639 | Books |
| Veterinary Science | UVAS Library | UVAS Library | Microbiology | 2026-04-30 | 579 Tortora 24741 13rd 2020 Microbiology | 24741 | Books |